000 00235nam a22001097a 4500
999 _c260777
_d260776
020 _a9781407171029
100 _aR.L.Stine
245 _aSay Cheese and Die
260 _aUSA
_bScholastic Inc.
_c1992
300 _a136 pgs.
942 _cBK